000 00748cam a22002291 4500
001 he 68000698
003 DLC
005 20260227111455.0
008 841112s1965 is ac 000 0 heb
010 _ahe 68000698
035 _a(OCoLC)19205810
040 _aDLC
_cMH
_dCU
_dDLC
041 1 _aheb
_hrus
042 _apremarc
050 0 0 _aPG3367.H4
_bM6
100 1 _aTolstoy, Leo,
_cgraf,
_d1828-1910.
240 1 0 _aMnogo li cheloveku zemli nuzhno?
_lHebrew
245 1 0 _aKelum harbeh ḳarḳaʻ tsarikh adam? /
_cLev Niḳolayevits' Ṭolsṭoi ; tirgum u-mavo Yitsḥaḳ Spivaḳ.
260 _a[Tel Aviv] :
_bAlef
_c[1965 or 1966]
300 _a61 p. :
_bill., port. ;
_c22 cm.
500 _aTranslation of: Mnogo li cheloveku zemli nuzhno?
999 _c33035
_d33035